<?xml version="1.0" encoding="UTF-8"?><marc:collection xmlns:marc="http://www.loc.gov/MARC21/slim">
  <marc:record>
    <marc:leader>00000nam  2200000za 4500</marc:leader>
    <marc:controlfield tag="001">9.856112</marc:controlfield>
    <marc:controlfield tag="003">CaOODSP</marc:controlfield>
    <marc:controlfield tag="005">20230720093659</marc:controlfield>
    <marc:controlfield tag="007">cr |||||||||||</marc:controlfield>
    <marc:controlfield tag="008">180503s2018    onc    #o    f|0| 0 fre d</marc:controlfield>
    <marc:datafield tag="040" ind1=" " ind2=" ">
      <marc:subfield code="a">CaOODSP</marc:subfield>
      <marc:subfield code="b">fre</marc:subfield>
    </marc:datafield>
    <marc:datafield tag="043" ind1=" " ind2=" ">
      <marc:subfield code="a">n-cn---</marc:subfield>
    </marc:datafield>
    <marc:datafield tag="086" ind1="1" ind2=" ">
      <marc:subfield code="a">YC28-0/421-11F-PDF</marc:subfield>
    </marc:datafield>
    <marc:datafield tag="110" ind1="1" ind2=" ">
      <marc:subfield code="a">Canada. </marc:subfield>
      <marc:subfield code="b">Parlement. </marc:subfield>
      <marc:subfield code="b">Sénat. </marc:subfield>
      <marc:subfield code="b">Comité sénatorial permanent des peuples autochtones.</marc:subfield>
    </marc:datafield>
    <marc:datafield tag="245" ind1="1" ind2="3">
      <marc:subfield code="a">La teneur du projet de loi C-45 </marc:subfield>
      <marc:subfield code="h">[ressource électronique] : </marc:subfield>
      <marc:subfield code="b">Loi concernant le cannabis et modifiant la Loi reglementant certaines drogues et autres substances, le Code criminal et d'autres lois / </marc:subfield>
      <marc:subfield code="c">Lillian Eva Dyck, présidente ; Scott Tannas, vice-président.</marc:subfield>
    </marc:datafield>
    <marc:datafield tag="260" ind1=" " ind2=" ">
      <marc:subfield code="a">[Ottawa] : </marc:subfield>
      <marc:subfield code="b">Sénat, </marc:subfield>
      <marc:subfield code="c">2018.</marc:subfield>
    </marc:datafield>
    <marc:datafield tag="300" ind1=" " ind2=" ">
      <marc:subfield code="a">24 p.</marc:subfield>
    </marc:datafield>
    <marc:datafield tag="490" ind1="1" ind2=" ">
      <marc:subfield code="a">Rapport du Comité sénatorial permanent des peuples autochtones ; </marc:subfield>
      <marc:subfield code="v">[Onzième rapport], 42e législature, 1re session</marc:subfield>
    </marc:datafield>
    <marc:datafield tag="500" ind1=" " ind2=" ">
      <marc:subfield code="a">Publ. aussi en anglais sous le titre : The subject matter of Bill C-45: an Act respecting cannabis and to amend the Controlled Drugs and Substances Act, the Criminal Code and other Acts.</marc:subfield>
    </marc:datafield>
    <marc:datafield tag="500" ind1=" " ind2=" ">
      <marc:subfield code="a">Titre de la couv.</marc:subfield>
    </marc:datafield>
    <marc:datafield tag="500" ind1=" " ind2=" ">
      <marc:subfield code="a">« Mai 2018. »</marc:subfield>
    </marc:datafield>
    <marc:datafield tag="504" ind1=" " ind2=" ">
      <marc:subfield code="a">Comprend des références bibliographiques.</marc:subfield>
    </marc:datafield>
    <marc:datafield tag="520" ind1=" " ind2=" ">
      <marc:subfield code="a">« Le 27 février 2018, le Comité sénatorial permanent des peuples autochtones a commencé à  étudier  la  teneur  du projet  de  loi C-45,  Loi  concernant  le  cannabis  et  modifiant  la  Loi réglementant certaines  drogues  et autres  substances,  le  Code  criminel  et  d’autres  lois, dans la mesure où il concerne les peuples autochtones du Canada. Le comité a tenu cinq réunions  et  a entendu  le  témoignage  de  23 témoins,  notamment  six  organisations autochtones,  quatre  Premières Nations,  trois  organisations  autochtones  régionales,  deux aînés inuit, deux services de police, deux groupes autochtones appartenant à l’industrie du cannabis,  ainsi  que  le  protecteur  des  enfants  et  des  jeunes  du  Manitoba  représentant  le Conseil  canadien  des  organismes  provinciaux  de  défense  des  droits  des  enfants  et  des jeunes. Le comité a également entendu le témoignage de représentants de cinq ministères fédéraux et du sénateur Dennis Patterson, qui a parlé de ce qu’il avait vécu dans le cadre de réunions avec des collectivités du Nunavut. Le comité a également reçu des mémoires de  six  organisations  et  particuliers.  Malgré  la  complexité  du  sujet  et  le  peu  de  temps disponible pour la réalisation d’une étude, le Comité a reçu de nombreux témoignages »--Introduction, p. 7.</marc:subfield>
    </marc:datafield>
    <marc:datafield tag="692" ind1="0" ind2="7">
      <marc:subfield code="2">gccst</marc:subfield>
      <marc:subfield code="a">Marijuana </marc:subfield>
    </marc:datafield>
    <marc:datafield tag="692" ind1="0" ind2="7">
      <marc:subfield code="2">gccst</marc:subfield>
      <marc:subfield code="a">Autochtones </marc:subfield>
    </marc:datafield>
    <marc:datafield tag="700" ind1="1" ind2=" ">
      <marc:subfield code="a">Dyck, Lillian E.</marc:subfield>
      <marc:subfield code="d">1945-</marc:subfield>
      <marc:subfield code="q">(Lillian Eva)</marc:subfield>
    </marc:datafield>
    <marc:datafield tag="700" ind1="1" ind2=" ">
      <marc:subfield code="a">Tannas, Scott, </marc:subfield>
      <marc:subfield code="d">1962-</marc:subfield>
    </marc:datafield>
    <marc:datafield tag="775" ind1="0" ind2="8">
      <marc:subfield code="t">The subject matter of Bill C-45 </marc:subfield>
      <marc:subfield code="w">(CaOODSP)9.856110</marc:subfield>
    </marc:datafield>
    <marc:datafield tag="830" ind1="#" ind2="0">
      <marc:subfield code="a">Rapport du Comité sénatorial permanent des peuples autochtones ;</marc:subfield>
      <marc:subfield code="v">[Onzième rapport], 42e législature, 1re session</marc:subfield>
      <marc:subfield code="w">(CaOODSP)9.501664</marc:subfield>
    </marc:datafield>
    <marc:datafield tag="856" ind1="4" ind2="0">
      <marc:subfield code="q">PDF</marc:subfield>
      <marc:subfield code="s">498 Ko</marc:subfield>
      <marc:subfield code="u">https://publications.gc.ca/collections/collection_2018/sen/yc28-0/YC28-0-421-11-fra.pdf</marc:subfield>
    </marc:datafield>
  </marc:record>
</marc:collection>
